000 00615nam a22001937a 4500
005 20260209104130.0
010 _aENG-147748
020 _a9788199024311
_c695.00
035 _aEN-131280
037 _bDBAD
082 _a921
_21
100 _aGupta, Uma Das
_987206
245 _aA History of Santiniketan:
_b Rabindranath Tagore and His Life's Work 1861 - 1941/
_cUma Das Gupta
250 _a1
260 _aNew Delhi
_bNiyogi Books
_c2025
270 _aBlock D, Building No. 77, Okhla Industrial Area, Phase-I
_bNew Delhi
_e110020
300 _a220p.
_c23cm(hb)
942 _2ddc
_cEN
_h921
_mGUP
999 _c214736
_d214736